Malayalam lexicon. 3 V (Record no. 22854)
[ view plain ]
| 000 -LEADER | |
|---|---|
| fixed length control field | 00248nam a2200097Ia 4500 |
| 082 ## - DEWEY DECIMAL CLASSIFICATION NUMBER | |
| Classification number | 030.8:809.481.2 |
| Item number | MAL |
| 245 #0 - TITLE STATEMENT | |
| Title | Malayalam lexicon. 3 V |
| 260 ## - PUBLICATION, DISTRIBUTION, ETC. (IMPRINT) | |
| Place of publication | Trivandrum |
| Name of publisher | Govt Press |
| Year of publication | 1976 |
| 942 ## - ADDED ENTRY ELEMENTS (KOHA) | |
| Koha item type | Books |
| Withdrawn status | Lost status | Damaged status | Not for loan | Home library | Current library | Date acquired | Cost, normal purchase price | Full call number | Accession Number | Koha item type |
|---|---|---|---|---|---|---|---|---|---|---|
| RRII Library | RRII Library | 16/12/2021 | 140.00 | 030.8:809.481.2 MAL | 03565 | Books |